1432 1503 1000 1767 1847 1680 1194 1490 1959 1704 1667 1040 1811 1498 1519 1906 1113 1617 1973 1246 1690 1852 1791 1753 1154 1455 1291 1470 1029 1566 1454 1500 1880 1682 1501 1671 1853 1074 1864 1392 1283 1840 1343 1677 1277 1921 1714 1299 1537 1445 1909 1228 1639 1405 1129 1521 1644 1987 1670 1359 1906 1679 1700 1212 1961 1274 1774 1631 1806 1915 1834 1347 1796 1465 1997 1412 1103 1521 1070 1040 1390 1900 1819 1577 1567 1558 1927 1879 1238 1187 1167 1137 1691 1074 1392 1792 1431 1948 1221 BCNSPRNW ULIB Ver.6.0+V

เปลี่ยนเป็นภาษาไทย

Change to English
 แสดงรายละเอียดบรรณานุกรม
  กลับหน้าหลัก

Brief Record : Get Marc (ISO 2709) : E-mail record : QR code < ปิดหน้าต่าง
LEADER : 00000nam 2200000uu 4500
001    13399114052
003     ULIB
008    111128s2552||||th 000 0 tha d
020    ^a9786110600170
090    ^aนว.^bน319ช 2552
100 0  ^aซินฉ่ง
245 00 ^aชายาลับ/^cซินฉ่ง
250    ^aพิมพ์ครั้งที่ 1
260    ^aกรุงเทพฯ :^bแจ่มใส,^c2552
300    ^a202 หน้า
700 0  กระบี่หลงทิศ ;^eแปล
710 1  ^aแจ่มใส
945    ^p0^l0^i16430
995    ^aทศพร
999    ^aใช้งานได้ทุกระบบ
รายการนี้ยังไม่มีแท็ก
คุณยังไม่ได้ล็อกอิน คุณสามารถมีกิจกรรมร่วมกับเว็บไซต์ได้ แต่ต้องล็อกอินก่อน ::
  ล็อกอิน

รายการสื่อสารสนเทศ

ลำดับที่ ประเภท เลขเรียก/บาร์โค้ด สถานที่ สถานะ
1. นวนิยาย
นวนิยาย
นว. น319ช 2552  
  Barcode: 16430
ห้องสมุดวิทยาเขตสวรรค์ประชารักษ์
►นวนิยาย
บนชั้น
  ขอยืม

รายการใกล้เคียง
    ผู้แต่ง [ซินฉ่ง]

BibComment


ยังไม่เคยถูกคอมเมนท์

คอมเมนท์ทรัพยากรรายการนี้
  คอมเมนท์: ชายาลับ ซินฉ่ง


 Copyright 2026. Bcnsprnw @Library